[Event "GER-chT Lands U20"]
[Site "Hannover"]
[Date "2013.10.03"]
[Round "3.1"]
[White "Kitze, Alexander"]
[Black "Hahn, Markus"]
[Result "1/2-1/2"]
[WhiteElo "2009"]
[BlackElo "2191"]
[PlyCount "123"]
[EventDate "2013.10.02"]
[EventType "team-swiss"]
[EventRounds "7"]
[EventCountry "GER"]
[SourceTitle "EXT 2014"]
[Source "ChessBase"]
[SourceDate "2013.11.20"]
[SourceVersion "1"]
[SourceVersionDate "2013.11.20"]
[SourceQuality "1"]
[WhiteTeam "Sachsen Anhalt"]
[BlackTeam "Hessen"]
[WhiteTeamCountry "GER"]
[BlackTeamCountry "GER"]

1. e4 c5 2. Nf3 e6 3. d4 cxd4 4. Nxd4 a6 5. Bd3 Nf6 6. 0-0 d6 7. c4 b6 8. Nc3 Bb7 9. Qe2 Be7 10. f4 Nbd7 11. Bd2 Qc7 12. Kh1 h5 13. f5 e5 14. Nc2 Nc5 15. Bg5 Rc8 16. Bxf6 Bxf6 17. Ne3 Nxd3 18. Qxd3 Bg5 19. b3 Bxe3 20. Qxe3 b5 21. Nd5 Bxd5 22. cxd5 f6 23. Rac1 Qb7 24. Rxc8+ Qxc8 25. Rc1 Qb7 26. Rc6 Ke7 27. Qc3 Kd7 28. Qg3 Rg8 29. Qg6 Ke7 30. Qxh5 Rc8 31. Qh7 Rxc6 32. Qxg7+ Ke8 33. Qg8+ Ke7 34. Qe6+ Kf8 35. Qxf6+ Ke8 36. Qe6+ Kd8 37. Qg8+ Kd7 38. Qe6+ Kd8 39. Qf6+ Ke8 40. dxc6 Qxc6 41. Qg5 Qxe4 42. h3 Qe1+ 43. Kh2 Qf2 44. h4 e4 45. h5 e3 46. h6 e2 47. h7 e1Q 48. h8Q+ Kd7 49. Qgd8+ Kc6 50. Qc8+ Kd5 51. Qb7+ Kc5 52. Qa7+ Kb4 53. Qhd4+ Qxd4 54. Qxd4+ Ka3 55. Qxd6+ b4 56. Qxa6+ Kb2 57. Qf6+ Kxa2 58. Qa6+ Kb2 59. Qe6 Qh4+ 60. Kg1 Qd4+ 61. Kh2 Qh4+ 62. Kg1 1/2-1/2

[Event "GER-chT Lands U20"]
[Site "Hannover"]
[Date "2013.10.02"]
[Round "1.1"]
[White "Kitze, Alexander"]
[Black "Kuckling, Hannah"]
[Result "1-0"]
[WhiteElo "2009"]
[BlackElo "2114"]
[PlyCount "79"]
[EventDate "2013.10.02"]
[EventType "team-swiss"]
[EventRounds "7"]
[EventCountry "GER"]
[SourceTitle "EXT 2014"]
[Source "ChessBase"]
[SourceDate "2013.11.20"]
[SourceVersion "1"]
[SourceVersionDate "2013.11.20"]
[SourceQuality "1"]
[WhiteTeam "Sachsen Anhalt"]
[BlackTeam "Nordrhein Westfalen"]
[WhiteTeamCountry "GER"]
[BlackTeamCountry "GER"]

1. e4 c5 2. Nf3 e6 3. d4 cxd4 4. Nxd4 Nc6 5. Nc3 Qc7 6. Be3 a6 7. Bd3 b5 8. Nxc6 Qxc6 9. 0-0 Bb7 10. Kh1 Nf6 11. f3 Bc5 12. Qe1 d6 13. a4 bxa4 14. Rxa4 Nd7 15. Rc4 Nb6 16. Rxc5 dxc5 17. Qg3 0-0-0 18. Qxg7 Rdf8 19. Qe5 Nd7 20. Qh5 c4 21. Be2 f5 22. Bh6 Re8 23. Bg7 Rhg8 24. Qxh7 Qc7 25. Bd4 e5 26. Bg1 f4 27. Qf7 Rh8 28. Qxc4 Rh6 29. Qxc7+ Kxc7 30. Nd5+ Bxd5 31. exd5 Nf6 32. Rd1 Rd8 33. d6+ Rxd6 34. Rxd6 Kxd6 35. Bxa6 e4 36. fxe4 Nxe4 37. h3 Ke5 38. Bd3 Ng5 39. b4 f3 40. Be3 1-0